CATÁLOGO PÚBLICO DE LA BIBLIOTECA OSCAR VARSAVSKY

Regionalización administrativa de Venezuela. (Registro nro. 5812)

Detalles MARC
000 -CABECERA
campo de control de longitud fija 00517nam a22001697a 4500
001 - NÚMERO DE CONTROL
campo de control T027600004674
008 - DATOS DE LONGITUD FIJA--INFORMACIÓN GENERAL
campo de control de longitud fija 181111b xve|||||r|||| 00| | esp d
099 ## - SIGNATURA TOPOGRÁFICA LOCAL
Número de clasificación IVP-D-01330
Cutter
100 ## - ENTRADA PRINCIPAL--NOMBRE DE PERSONA
Nombre de persona Presidencia de la República de Venezuela.
245 ## - MENCIÓN DE TÍTULO
Título Regionalización administrativa de Venezuela.
260 ## - PUBLICACIÓN, DISTRIBUCIÓN, ETC. (PIE DE IMPRENTA)
Lugar de publicación, distribución, etc.
500 ## - NOTA GENERAL
Nota general
650 ## - PUNTO DE ACCESO ADICIONAL DE MATERIA--TÉRMINO DE MATERIA
Término de materia o nombre geográfico como elemento inicial Legislación por Decretos--Decreto de Regionalización-Decreto Ejecutivo N° 478--Venezuela, 8 de enero de 1980.
650 ## - PUNTO DE ACCESO ADICIONAL DE MATERIA--TÉRMINO DE MATERIA
Término de materia o nombre geográfico como elemento inicial Venezuela
650 ## - PUNTO DE ACCESO ADICIONAL DE MATERIA--TÉRMINO DE MATERIA
Término de materia o nombre geográfico como elemento inicial Español
942 ## - ELEMENTOS DE PUNTO DE ACCESO ADICIONAL (KOHA)
Tipo de ítem Koha Libro
Existencias
Estado de retiro Estado de pérdida Estado dañado No para préstamo Código de colección Localización permanente Ubicación/localización actual Ubicación en estantería Fecha de adquisición Total de préstamos Signatura topográfica completa Código de barras Fecha visto por última vez Precio válido a partir de Tipo de ítem Koha Número de copia
        IVP Oscar Varsavsky Oscar Varsavsky Caja N° 190 13.11.2018   IVP-D-01330 T027600004666 13.11.2018 13.11.2018 Documento  
        IVP Oscar Varsavsky Oscar Varsavsky Caja N° 190 13.11.2018   IVP-D-01330 T027600010456 13.11.2018 13.11.2018 Documento e.2
        IVP Oscar Varsavsky Oscar Varsavsky Caja N° 190 13.11.2018   IVP-D-01330 T027600018201 13.11.2018 13.11.2018 Documento e.3